Normal view MARC view

Entry Nombre personal

Number of records used in: 2

001 - NÚMERO DE CONTROL

  • campo de control: 28605

003 - IDENTIFICADOR DE NÚMERO DE CONTROL

  • campo de control: SpMaBN

005 - FECHA Y HORA DE LA ÚLTIMA TRANSACCIÓN

  • campo de control: 20250714081722.0

008 - ELEMENTOS DE DATO DE LONGITUD-FIJA

  • campo de control de longitud fija: 901211nn ainnnaaba a aaa d

016 ## - NÚMERO DE CONTROL DE UNA AGENCIA BIBLIOGRÁFICA NACIONAL

  • Número de control del registro: BNE20010351368

024 7# - IDENTIFICADOR DE OTROS ESTÁNDARES

  • Número estándar o código: http://viaf.org/viaf/316752683/
  • Fuente: viaf

040 ## - FUENTE DE CATALOGACIÓN

  • Centro catalogador/agencia de origen: SpMaBN
  • Lengua de catalogación: spa
  • Centro/agencia transcriptor: SpMaBN
  • Normas de descripción: rdc
  • Convención/Normas de encabezamiento de materia/tesauro: embne

046 ## - FECHAS CON CODIFICACIÓN ESPECIAL

  • Fecha de nacimiento: 1822
  • Fecha de la muerte: 1898

100 1# - ENCABEZAMIENTO-NOMBRE DE PERSONA

  • Nombre de persona: Bessón, Eduardo Augusto de,
  • Fechas asociadas al nombre: 1822-1898

370 ## - LUGAR ASOCIADO

  • Lugar de nacimiento: España, Madrid (Comunidad Autónoma), Madrid

370 ## - LUGAR ASOCIADO

  • Lugar de fallecimiento: España, Castilla y León, Valladolid (Provincia), Valladolid

374 ## - OCUPACIÓN

  • Ocupación: Abogados
  • Ocupación: Profesores

375 ## - GÉNERO/SEXO

  • Género: Masculino

377 ## - IDIOMA ASOCIADO

  • Término de lengua/lenguaje: Español

400 1# - TRAZADO DE VÉASE--NOMBRE DE PERSONA

  • Nombre de persona: Bessón, Eduardo A. de,
  • Fechas asociadas al nombre: 1822-1898

400 1# - TRAZADO DE VÉASE--NOMBRE DE PERSONA

  • Nombre de persona: Bessón,
  • Fechas asociadas al nombre: 1822-1898

670 ## - FUENTE DE DATOS ENCONTRADOS

  • Cita de la fuente: Sinopsis completa del sumario con arreglo a las prescripciones de la nueva ley de Enjuiciamiento criminal, 1873
  • Información encontrada: portada (Eduardo Augusto de Bessón)

670 ## - FUENTE DE DATOS ENCONTRADOS

  • Cita de la fuente: Método nuevo para aprender a leer en las escuelas de niños y adultos, 1874
  • Información encontrada: portada (por Eduardo A. de Bessón)

670 ## - FUENTE DE DATOS ENCONTRADOS

  • Cita de la fuente: Cuadro sinóptico del procedimiento criminal ante el Tribunal de Derecho, 1873
  • Información encontrada: portada (Bessón)

670 ## - FUENTE DE DATOS ENCONTRADOS

  • Cita de la fuente: WWW Wikipedia, 19-01-2021
  • Información encontrada: (Eduardo Augusto de Bessón, nació en Madrid en 1822, falleció en 1898, abogado en Burgos)
  • Identificador Uniforme de Recursos: https://es.wikipedia.org/wiki/Puente_de_Bess%C3%B3n

670 ## - FUENTE DE DATOS ENCONTRADOS

  • Cita de la fuente: WWW ABEPI, 23-6-2021
  • Información encontrada: (Bessón, Eduardo Augusto de; doctor en leyes, catedrático de lógica en el Instituto de Burgos)

670 ## - FUENTE DE DATOS ENCONTRADOS

  • Cita de la fuente: WWW Diario de Burgos, Biblioteca Digital de Castilla y León, consultado el 29-9-2022
  • Información encontrada: 3-1-1905 (falleció cristianamente en Valladolid el día 31 de Diciembre de 1898)
  • Identificador Uniforme de Recursos: https://bibliotecadigital.jcyl.es/i18n/catalogo_imagenes/image n.cmd?path=10314273&posicion=1&registrardownload=1